000 02024nam a22003017a 4500
003 DO-SdBPM
005 20251028141153.0
007 ta
008 210510b2018 dr | 00| 0 spa d
020 _a9789945912357
040 _aDO-SdBPM
_bspa,
_cBPMSU
_erda
082 4 _aRD862.44
_bG216e 2018
_222
100 1 _aGarcía Guerra Iván
_eautor
_d1938 -
245 1 0 _aEn torno a la libertad /
_cIván García Guerra; corrección y cuidado de edición Piero Espinal Estévez.
264 _aSanto Domingo :
_bEditora Opus,
_c2018
300 _a547 páginas ,
_bilustraciones, fotos
_c23 cm
336 _atexto
_btxt
_2rdacontent
337 _asin mediación
_bn
_2rdamedia
338 _avolumen
_bnc
_2rdacarrier
500 _3Incluyes datos del biográfico autor en la solapa de la cubierta
505 0 _a Mi prólogo, 11.-- Doce años de lucha. El hombre de barro, 19.-- Proceso por la sombra de un burro, 53.-- Un héroe más para la mitología, 89.-- Grecia en dominicana. Andrómaca, 163.-- Soberbia, 191.-- Colaborando. Volaremos hacia el sol, 211.-- Romance criollo, 217.-- Alba de Patria, 253.-- Luchando. Carta al tirano, 265.-- Epílogo, 289.-- Retratos de una guerra. Vivir, buena razón, 317.-- Un azul imposible, 379.-- Memorias de abril. Regalo, 401.-- Cada cual lucha a su manera, 409.-- Eres un hombre, hijo, 419.-- ¿Qué tiene de malo?, 427.-- Interferencia, 435.-- Derecho a vivir, 443.-- ¡Las cosas no son así!, 451.-- Más retratos. El muerto dieciocho, 461.-- Padrenuestro, 469.-- Unos tragos lo resuelven todo, 477.-- La esposa de agosto, 485.-- El ayer de un palomo, 493.-- En esos momentos no me podía pasar nada malo, 503.-- ¿Valio la pena?. Trilogía del perenne sacrificio o travesía de un río hacia el olvido, 511.-- Muriendo, 513.-- Remuriendo, 527.-- Quizás nunca vivió, 538.
590 _aInventariado,2025/VM
650 7 _aTeatro dominicana
650 7 _aDramaturgia.
650 7 _aLitertura dominicana
910 _aVMateo V. Control de calidad. BPMSU
942 _2ddc
_cBK
999 _c13467
_d13467